Hoàn thiện các quy định của phần chung bộ luật hình sự trước yêu cầu mới của đất nước (sách chuyên khảo)

Spremljeno u:
Bibliografski detalji
Glavni autor: Trịnh, Tiến Việt
Format: Knjiga
Jezik:Undetermined
Izdano: Hà Nội Chính trị Quốc gia - Sự thật 2012
Teme:
Oznake: Dodaj oznaku
Bez oznaka, Budi prvi tko označuje ovaj zapis!
Thư viện lưu trữ: Trung tâm Học liệu Trường Đại học Cần Thơ
LEADER 00765nam a2200217Ia 4500
001 CTU_177243
008 210402s9999 xx 000 0 und d
020 |c 60000 
082 |a 345.597 
082 |b V308 
100 |a Trịnh, Tiến Việt 
245 0 |a Hoàn thiện các quy định của phần chung bộ luật hình sự trước yêu cầu mới của đất nước 
245 0 |b (sách chuyên khảo) 
245 0 |c Trịnh Tiến Việt 
260 |a Hà Nội 
260 |b Chính trị Quốc gia - Sự thật 
260 |c 2012 
650 |a Criminal law,Luật hình sự 
650 |z Vietnam,Việt Nam 
910 |a Nguyên 
980 |a Trung tâm Học liệu Trường Đại học Cần Thơ